| 000 | 00846nam a22002537a 4500 | ||
|---|---|---|---|
| 999 |
_c1216 _d1216 |
||
| 003 | AR-CdUCM | ||
| 008 | 190226b ||||| |||| 00| 0 spa d | ||
| 040 |
_aMUNICIPALIDAD PROVINCIAL DEL CUSCO _cBIBLIOTECA MUNICIPAL DEL CUSCO |
||
| 041 | _hfre | ||
| 082 |
_a957.704 / _bL14 |
||
| 100 |
_a Lacouture, Jean. _94744 |
||
| 245 | _aEl vietnam entre dos paces / | ||
| 260 |
_aMadrid : _bTecnos, _c1966. |
||
| 300 |
_a262 páginas ; _c21 cm. |
||
| 440 |
_aColección: Tercer Mundo _94745 |
||
| 505 | _aLos bordes de la llaga -- Como se reanima una guerra -- El fin de los NGO -- La cuadrilla de los generales -- El helicóptero y el cuchillo... | ||
| 650 |
_aGuerra _91007 |
||
| 650 |
_aGuerrilla _94746 |
||
| 650 |
_aAsia _93888 |
||
| 650 |
_aSocialismo _91037 |
||
| 650 |
_aHistoria _9136 |
||
| 942 |
_2ddc _cLIBROS |
||
| 945 |
_admma _d2019-02-26 |
||